000 00642nam a2200217 i 4500
001 96786
003 ES-MaACL
005 20230906181957.0
007 t|
008 050630s1976 sp ||||1| spa d
100 1 _aMandel, Ernest.
_975941
245 1 0 _aIniciación a la economía marxista /
_cErnest Mandel; versión de Antonio Redondo.
250 _a[3ª ed.].
260 _aBarcelona :
_bNova Terra,
_c1976.
300 _a115 p. ;
_c18 cm.
490 1 _aNueva síntesis ;
_v10
700 1 _aRedondo, Antonio.
_995808
830 0 _aNueva síntesis ;
_v10
_9181928
852 _aES-MaACL
_jA-5717
_bR.94639
999 _c96786
_d96786